00480nam a2200181Ia 450000500170000000800410001704000190005804100120007708200160008910000170010524500560012226000240017830000120020250400190021465000180023365100370025185000100028820230301121408.0131103s9999 xx 000 0 und d aLoreto College aEnglish a822.32bLEV aLevin, Harry aChristopher Marloweb the overreacher cHarry Levin aLondonbFaberc1956 a231 p.  aIncludes index aEnglish Drama aMarlowe, Christopher - Criticism aLCLIB